000
00316nam a22001337a 4500
008
181001b xxu||||| |||| 00| 0 eng d
020
_a
9780321161949
041
_a
eng
080
_2
8 ED
_a
510
100
_a
37
101
_a
MAT
245
_a
Mathematics For Elemtary Scool Teacher
_c
Lott.L
942
_2
udc
_c
BK
999
_c
48714
_d
48714